000 00612nam a2200181Ia 4500
003 GCL
008 140319s9999 xx 000 0 ara d
040 _aGCL /
_cGCL
082 0 4 _a813.009
_bم ن
100 1 _aمصطفى عبدالغنى
245 1 0 _aنقد الذات فى الرواية الفلسطينية /
_cمصطفى عبدالغنى
300 _a182 ص
490 _aالهيئة العامة للاستعلامات
_v0
650 0 4 _aالادب العربى
650 0 4 _aالادب العربى - تاريخ ونقد
650 0 4 _aالرواية العربية - فلسطين
942 _2ddc
_cBK
999 _c48455
_d48455